[Event "Elancourt op"]
[Site "Elancourt"]
[Date "2010.05.01"]
[Round "8"]
[White "Appavou, Calixte"]
[Black "Le Grix de la Salle, Jean Marie"]
[Result "1/2-1/2"]
[WhiteElo "1902"]
[BlackElo "1846"]
[PlyCount "45"]
[EventDate "2010.04.25"]
[EventType "swiss"]
[EventRounds "9"]
[EventCountry "FRA"]
[SourceTitle "CBM 136 Extra"]
[Source "ChessBase"]
[SourceDate "2010.07.02"]
[SourceVersion "2"]
[SourceVersionDate "2010.07.15"]
[SourceQuality "1"]

1. e4 c5 2. Nf3 d6 3. d4 cxd4 4. Nxd4 Nf6 5. Bb5+ Bd7 6. Bxd7+ Nbxd7 7. Nc3 g6 8. 0-0 Bg7 9. Be3 0-0 10. h3 Rc8 11. f3 Ne5 12. Nce2 d5 13. exd5 Nxd5 14. Bf2 Bh6 15. c3 Nc4 16. Qa4 Nce3 17. Bxe3 Nxe3 18. Rfe1 Qb6 19. Kh1 e5 20. Nc2 Qxb2 21. Nxe3 Bxe3 22. Rab1 Qd2 23. Rbd1 1/2-1/2

[Event "Elancourt op"]
[Site "Elancourt"]
[Date "2010.04.25"]
[Round "1"]
[White "Le Grix de la Salle, Jean Marie"]
[Black "Forissier, Nicolas"]
[Result "0-1"]
[WhiteElo "1846"]
[BlackElo "2006"]
[PlyCount "74"]
[EventDate "2010.04.25"]
[EventType "swiss"]
[EventRounds "9"]
[EventCountry "FRA"]
[SourceTitle "CBM 136 Extra"]
[Source "ChessBase"]
[SourceDate "2010.07.02"]
[SourceVersion "2"]
[SourceVersionDate "2010.07.15"]
[SourceQuality "1"]

1. d4 Nf6 2. c4 g6 3. Nc3 d5 4. cxd5 Nxd5 5. e4 Nxc3 6. bxc3 Bg7 7. Bc4 c5 8. Be3 0-0 9. Ne2 cxd4 10. cxd4 Nc6 11. 0-0 Bg4 12. f3 Na5 13. Bd3 Bd7 14. Qd2 Rc8 15. Qb4 b6 16. Rac1 Nc6 17. Qa3 a5 18. Rfd1 Nb4 19. Bb1 Bb5 20. Nc3 Ba6 21. Qb3 Rb8 22. d5 Bc8 23. Nb5 Bd7 24. Na7 Qe8 25. Qc4 e6 26. dxe6 Bxe6 27. Qe2 Qa4 28. Rd2 b5 29. Rc5 Bc4 30. Qd1 Qa3 31. Bf2 Bc3 32. Rd7 Qb2 33. Bd4 Rbd8 34. Rcc7 Bxd4+ 35. Kh1 Rxd7 36. Rxd7 Be3 37. h4 Qf2 0-1

[Event "Montigny le Bretonneux Noel op 11th"]
[Site "Montigny le Bretonneux"]
[Date "2008.12.30"]
[Round "6"]
[White "Blot, David"]
[Black "Le Grix de la Salle, Jean Marie"]
[Result "1/2-1/2"]
[WhiteElo "1999"]
[BlackElo "1897"]
[PlyCount "109"]
[EventDate "2008.12.26"]
[EventType "swiss"]
[EventRounds "7"]
[EventCountry "FRA"]
[SourceTitle "EXT 2010"]
[Source "ChessBase"]
[SourceDate "2010.11.25"]
[SourceVersion "1"]
[SourceVersionDate "2010.11.25"]
[SourceQuality "1"]

1. e4 c5 2. c3 d5 3. exd5 Qxd5 4. d4 Nc6 5. Nf3 Nf6 6. Be2 e6 7. Na3 Be7 8. 0-0 0-0 9. Nb5 Qd8 10. dxc5 Bxc5 11. Bf4 Bd7 12. b4 Nd5 13. Bg3 Be7 14. Qb3 a6 15. Nbd4 Rc8 16. Rac1 Nxd4 17. Nxd4 Bc6 18. Rfd1 Qe8 19. Rd2 Bg5 20. Rdc2 Bxc1 21. Rxc1 Ba4 22. Qb2 Qe7 23. a3 Rfd8 24. c4 Nf6 25. Bh4 Bc6 26. Nf3 h6 27. Qe5 Bxf3 28. Bxf3 Rd2 29. h3 Rcd8 30. Bxf6 gxf6 31. Qf4 Kh7 32. Qe4+ f5 33. Qxb7 Qf6 34. Qxa6 Rxf2 35. Qa7 Rfd2 36. b5 R8d7 37. Qa8 Qg5 38. Re1 Qh4 39. Rf1 Qd4+ 40. Kh1 Qxc4 41. Rb1 Qa2 42. Re1 Qb3 43. a4 Ra2 44. Qe8 Rad2 45. Bh5 Qg3 46. Rg1 Rc7 47. Bf3 Rb2 48. a5 Rcc2 49. Qxf7+ Kh8 50. Qe8+ Kg7 51. Qe7+ Kh8 52. Qd8+ Kg7 53. Qd7+ Kf8 54. Qd8+ Kg7 55. Qe7+ 1/2-1/2

[Event "Montigny le Bretonneux Noel op 11th"]
[Site "Montigny le Bretonneux"]
[Date "2008.12.27"]
[Round "2"]
[White "Vallobra, Pierre"]
[Black "Le Grix de la Salle, Jean Marie"]
[Result "1-0"]
[WhiteElo "1973"]
[BlackElo "1897"]
[PlyCount "80"]
[EventDate "2008.12.26"]
[EventType "swiss"]
[EventRounds "7"]
[EventCountry "FRA"]
[SourceTitle "EXT 2010"]
[Source "ChessBase"]
[SourceDate "2010.11.25"]
[SourceVersion "1"]
[SourceVersionDate "2010.11.25"]
[SourceQuality "1"]

1. d4 Nf6 2. c4 g6 3. Nc3 Bg7 4. e4 d6 5. Nf3 0-0 6. Be2 e5 7. d5 Nbd7 8. 0-0 a5 9. Nd2 Nc5 10. b3 Ne8 11. a3 f5 12. f3 Bh6 13. Ndb1 Bxc1 14. Qxc1 Nxb3 15. Qb2 Nxa1 16. Qxa1 Qg5 17. Qb2 Nf6 18. exf5 gxf5 19. f4 exf4 20. Nd2 Ng4 21. Nf3 Qg7 22. Qd2 Ne3 23. Rf2 Bd7 24. Ne1 Qh6 25. Rf3 Rae8 26. Bf1 Re7 27. Rh3 Qg5 28. Nf3 Qf6 29. Nd4 Kh8 30. Nde2 Qe5 31. Qd3 Rg8 32. Rf3 Rg4 33. h3 Rh4 34. a4 Be8 35. Kh1 Bh5 36. Rf2 f3 37. Ng1 Qg3 38. Rb2 Ng4 39. Qd4+ Re5 40. Nxf3 Rxh3+ 1-0

[Event "Montigny le Bretonneux-A 7th"]
[Site "Montigny le Bretonneux"]
[Date "2008.10.31"]
[Round "7"]
[White "Le Grix de la Salle, Jean Marie"]
[Black "Criton, Roland"]
[Result "0-1"]
[WhiteElo "1897"]
[BlackElo "1988"]
[PlyCount "46"]
[EventDate "2008.10.25"]
[EventType "tourn"]
[EventRounds "9"]
[EventCountry "FRA"]
[SourceTitle "EXT 2009"]
[Source "ChessBase"]
[SourceDate "2008.11.26"]
[SourceVersion "1"]
[SourceVersionDate "2008.11.26"]
[SourceQuality "1"]

1. d4 d5 2. c4 c6 3. Nf3 Nf6 4. Nc3 dxc4 5. a4 Bf5 6. e3 e6 7. Bxc4 Bb4 8. 0-0 0-0 9. Na2 Bd6 10. Bd2 Nbd7 11. b4 e5 12. dxe5 Nxe5 13. Nxe5 Bxe5 14. Bc3 Qe7 15. Bxe5 Qxe5 16. Qf3 Rad8 17. b5 Ne4 18. Rfd1 Rd7 19. Be2 Ng5 20. Qf4 Qf6 21. Qc4 Be6 22. Rxd7 Bxc4 23. Bxc4 Qxa1+ 0-1

[Event "Montigny le Bretonneux-A 7th"]
[Site "Montigny le Bretonneux"]
[Date "2008.10.27"]
[Round "3"]
[White "Le Grix de la Salle, Jean Marie"]
[Black "Gaillard, Michel"]
[Result "1/2-1/2"]
[WhiteElo "1897"]
[BlackElo "1969"]
[PlyCount "51"]
[EventDate "2008.10.25"]
[EventType "tourn"]
[EventRounds "9"]
[EventCountry "FRA"]
[SourceTitle "EXT 2009"]
[Source "ChessBase"]
[SourceDate "2008.11.26"]
[SourceVersion "1"]
[SourceVersionDate "2008.11.26"]
[SourceQuality "1"]

1. d4 Nf6 2. c4 c5 3. d5 g6 4. Nc3 d6 5. e4 Bg7 6. Be2 0-0 7. Nf3 e6 8. 0-0 exd5 9. cxd5 a6 10. a4 Re8 11. Nd2 Nbd7 12. f4 Rb8 13. Qc2 Nb6 14. a5 Nbxd5 15. exd5 Nxd5 16. Nf3 Bf5 17. Qd2 Ne3 18. Rf2 d5 19. Bd3 d4 20. Nd1 Bg4 21. Ra3 Bf5 22. Re2 Bxd3 23. Rxd3 Nc4 24. Rxe8+ Qxe8 25. Qc2 Nxa5 26. Qxc5 1/2-1/2

[Event "Montigny le Bretonneux Noel op 10th"]
[Site "Montigny le Bretonneux"]
[Date "2007.12.31"]
[Round "7"]
[White "Msellek, Ilyass"]
[Black "Le Grix de la Salle, Jean Marie"]
[Result "0-1"]
[WhiteElo "1892"]
[BlackElo "1888"]
[PlyCount "102"]
[EventDate "2007.12.26"]
[EventType "swiss"]
[EventRounds "7"]
[EventCountry "FRA"]
[SourceTitle "CBM 122 Extra"]
[Source "ChessBase"]
[SourceDate "2008.03.04"]
[SourceVersion "1"]
[SourceVersionDate "2008.03.04"]
[SourceQuality "1"]

1. e4 c5 2. b3 Nc6 3. Bb2 e6 4. Nf3 Nge7 5. d4 cxd4 6. Nxd4 Nxd4 7. Qxd4 Nc6 8. Qd1 Bb4+ 9. c3 Bc5 10. Bb5 Bxf2+ 11. Kxf2 Qb6+ 12. Ke1 Qxb5 13. Ba3 Qe5 14. Qe2 d6 15. Nd2 0-0 16. Qd3 Rd8 17. Nc4 Qg5 18. Qf3 d5 19. Nd6 Ne5 20. Qe2 dxe4 21. Qxe4 Bd7 22. Bc1 Qh5 23. Bf4 Ng6 24. Bg3 Bc6 25. Qc2 Ne5 26. Qe2 Qxe2+ 27. Kxe2 Ng6 28. Rhf1 f6 29. Rf2 e5 30. Nf5 Be4 31. Ne3 Rd7 32. Rd1 Rad8 33. Ke1 Rxd1+ 34. Nxd1 Nf8 35. Ne3 Ne6 36. Rd2 Rxd2 37. Kxd2 Nf4 38. c4 Nxg2 39. Nxg2 Bxg2 40. Bf2 a6 41. Kc3 Kf7 42. Kb4 Ke6 43. Kc5 f5 44. b4 f4 45. b5 axb5 46. cxb5 e4 47. Kd4 Kf5 48. a4 e3 49. Be1 Kg4 50. Kd3 Kf3 51. b6 Bf1+ 0-1

[Event "Montigny le Bretonneux Noel op 10th"]
[Site "Montigny le Bretonneux"]
[Date "2007.12.28"]
[Round "4"]
[White "Le Grix de la Salle, Jean Marie"]
[Black "Robert, Gerard"]
[Result "1-0"]
[WhiteElo "1888"]
[BlackElo "1499"]
[PlyCount "81"]
[EventDate "2007.12.26"]
[EventType "swiss"]
[EventRounds "7"]
[EventCountry "FRA"]
[SourceTitle "CBM 122 Extra"]
[Source "ChessBase"]
[SourceDate "2008.03.04"]
[SourceVersion "1"]
[SourceVersionDate "2008.03.04"]
[SourceQuality "1"]

1. d4 d5 2. c4 e6 3. Nf3 Nf6 4. Bg5 Be7 5. Nc3 0-0 6. e3 h6 7. Bh4 b6 8. cxd5 Nxd5 9. Bxe7 Qxe7 10. Rc1 Bb7 11. Bd3 Nd7 12. Nxd5 Bxd5 13. Rxc7 Rfc8 14. Rxc8+ Rxc8 15. 0-0 Nf6 16. a3 Qb7 17. Ne1 Bc4 18. Qb1 Qa6 19. Bxc4 Rxc4 20. Nd3 Qc8 21. Rc1 Nd7 22. Rxc4 Qxc4 23. Nb4 a5 24. Qc2 Qxc2 25. Nxc2 Kf8 26. Kf1 Ke7 27. Ke2 Kd6 28. Kd3 Nf6 29. f3 Kc6 30. e4 h5 31. Ne3 b5 32. h4 g6 33. b3 Nd7 34. g4 hxg4 35. fxg4 Nf6 36. e5 Nd7 37. h5 gxh5 38. gxh5 Nf8 39. Ng4 Nh7 40. Nf6 Ng5 41. h6 1-0